000 00487nam a2200193 a 4500
001 1768630936540
003 YourLibrary
005 20260117115419.0
008 260117s2005##################000#0#eng##
020 _a9781931282673
082 0 4 _a618.92
_bCOU
100 1 _aCoucouvanis, Judith,
_eauthor.
245 1 0 _aSuper Skills :
260 _bAAPC Publishing,
_c2005.
300 _a370 pages
650 0 _aEducation.
942 _cENGLISH
040 _aYourLibrary
_beng
_cYourLibrary
999 _c608447
_d608447